| 000 | 00352cam a22001217a 4500 | ||
|---|---|---|---|
| 008 | 180718b1974 xxu||||| |||| 00| 0 eng d | ||
| 082 | _aI5372 Am13 | ||
| 100 | _aAmara, Roy | ||
| 245 |
_aToward understanding the social impact of computers _cby Roy Amara |
||
| 260 |
_aMenlo Park _bInstitute for the Future _c1974 |
||
| 300 | _a136p. | ||
| 650 | _aComputers | ||
| 999 |
_c341250 _d341250 |
||